00246 a2200121 4500001000700000020000600007040001100013100002300024240003300047245002800080300000700108362000900115164289 a  cMagnum aWenceslau, Oswaldo10aNa terra do bicho-homemlpor10aNa terra do bicho-homem a620 a1992